05_秋田県の市町村(ひらがな対応・五十音順) - Statistics

General Stats
  • This quiz has been taken 76 times
  • The average score is 21 of 25
Answer Stats
種類 市町村名 % Correct
秋田市
97%
北秋田市
95%
大館市
92%
由利本荘市
92%
大潟村
90%
男鹿市
90%
仙北市
90%
にかほ市
90%
八郎潟町
90%
潟上市
87%
大仙市
87%
横手市
87%
能代市
85%
鹿角市
82%
湯沢市
82%
上小阿仁村
79%
羽後町
77%
八峰町
77%
井川町
74%
東成瀬村
74%
五城目町
72%
藤里町
69%
美郷町
67%
小坂町
64%
三種町
62%
No matching quizzes found
Score Distribution
Percent of People with Each Score
Percentile by Number Answered
Your Score History
You have not taken this quiz